Separát štatistickej ročenky školstva SR 1994 stredné odborné učilištia

Enregistré dans:
Détails bibliographiques
Format: Livre
Langue:slovaque
Publié: Bratislava Ústav informácií a prognóz školstva, mládeže a telovýchovy 1994
Sujets:
Tags: Ajouter un tag
Pas de tags, Soyez le premier à ajouter un tag!

MARC

LEADER 00000nam a2200000 4500
001 c010084
005 20251218091838.5
041 0 |a slo 
044 |a SK 
245 1 0 |a Separát štatistickej ročenky školstva SR 1994  |b stredné odborné učilištia 
264 1 |a Bratislava  |b Ústav informácií a prognóz školstva, mládeže a telovýchovy  |c 1994 
300 |a 98 s. 
610 2 0 |a Slovensko 
610 2 0 |a školstvo 
610 2 0 |a učilištia odborné stredné